<?xml version="1.0" encoding="UTF-8"?>
<marc:record xmlns:marc="http://www.loc.gov/MARC21/slim">
   <marc:leader>00000nam a2200000 a 4500</marc:leader>
   <marc:datafield ind1="1" ind2=" " tag="100">
      <marc:subfield code="a">Mills, Kyle</marc:subfield>
      <marc:subfield code="4">aut</marc:subfield>
      <marc:subfield code="e">Verfasser/-in</marc:subfield>
   </marc:datafield>
   <marc:datafield ind1="0" ind2="0" tag="245">
      <marc:subfield code="a">Global Warning</marc:subfield>
   </marc:datafield>
   <marc:datafield ind1="0" ind2="0" tag="245">
      <marc:subfield code="c">Kyle Mills</marc:subfield>
   </marc:datafield>
   <marc:datafield ind1=" " ind2="1" tag="264">
      <marc:subfield code="a">Köln</marc:subfield>
      <marc:subfield code="b">Weltbild</marc:subfield>
      <marc:subfield code="c">2008</marc:subfield>
   </marc:datafield>
   <marc:datafield ind1="1" ind2=" " tag="520">
      <marc:subfield code="a">Ein Szenario, so apokalyptisch wie aktuell.

An mehreren Ölförderstätten weltweit findet sich ein Bakterium, das Rohöl angreift und unbrauchbar macht. Mark Beamon, Leiter der Abteilung gegen Ökoterrorismus im US-Heimatschutzministerium, wendet sich an den führenden Wissenschaftler auf diesem Gebiet: Erin Neal, der seine Forschungen der Aufgabe gewidmet hat, jeder Ölpest entgegenzuwirken, die durch havarierte Förderanlagen verursacht wird. Tatsächlich entdeckt Beamon an verschiedenen Orten das gleiche gentechnisch manipulierte Bakterium und kommt einem Komplott, ungeahnten Ausmaßes auf die Spur: Die gesamte Ölreserven der Menschheit sind in Gefahr ...</marc:subfield>
   </marc:datafield>
   <marc:datafield ind1=" " ind2=" " tag="300">
      <marc:subfield code="a">399 S.</marc:subfield>
   </marc:datafield>
</marc:record>
